000
00259nam a22001217a 4500
008
170929b xxu||||| |||| 00| 0 eng d
041
_a
eng
080
_a
37
100
_a
47
101
_a
EDU
245
_a
READING DIFFICULTIES
_c
BOND.G/L
942
_2
udc
_c
BK
999
_c
30616
_d
30616